1723 1132 1268 1211 1757 1620 1242 1294 1494 1164 1341 1420 1916 1215 1146 1796 1962 1290 1551 1923 1016 1950 1560 1849 1745 1927 1807 1805 1787 1327 1220 1802 1050 1411 1594 1910 1877 1869 1102 1491 1732 1935 1764 1260 1760 1483 1711 1161 1377 1362 1908 1581 1131 1221 1168 1081 1129 1438 1754 1444 1286 1494 1212 1757 1228 1561 1392 1920 1592 1756 1853 1660 1853 1875 1796 1120 1245 1078 1269 1046 1955 1634 1749 1869 1695 1101 1462 1530 1859 1922 1724 1737 1656 1426 1650 1423 1080 1951 1612 BCNSPRNW ULIB Ver.6.0+V

เปลี่ยนเป็นภาษาไทย

Change to English
 แสดงรายละเอียดบรรณานุกรม
  กลับหน้าหลัก

Brief Record : Get Marc (ISO 2709) : E-mail record : QR code < ปิดหน้าต่าง
LEADER : 00000nam 2200000uu 4500
001    13399128441
003     ULIB
008    230828s2023||||th 000 0 tha d
020    ^a9781975177522
060  0 ^aWY49^bM489
245 00 ^aMedical-surgical nursing made incredibly easy! /^cclinicaleditors Carolyn Gersch, Nicole Heimgartner, Cherie Rebar,Laura M. Willis
250    ^aFourth edition
260    ^aPhiladelphia :^bWolters Kluwer,^c2023
300    ^ax, 984 pages :^bcolor illustrations ;^c23 cm
490 1  ^aIncredibly easy
504    ^aIncludes bibliographical references and index
650  0 ^aSurgical nursing^vHandbooks, manuals, etc
650  0 ^aNursing^vHandbooks, manuals, etc
650  2 ^aNursing Care^xmethods
650  2 ^aPerioperative Nursing^xmethods
700 1  ^aGersch, Carolyn J.,^eeditor
700 1  ^aHeimgartner, Nicole M.,^eeditor
700 1  ^aRebar, Cherie R.,^eeditor
700 1  ^aWillis, Laura M.,^d1969-^eeditor
830  0 ^aIncredibly easy (Philadelphia, Pa.)
945    ^p1820^l0^i010199
999    ^aประนอม เกษจรัล
รายการนี้ยังไม่มีแท็ก
คุณยังไม่ได้ล็อกอิน คุณสามารถมีกิจกรรมร่วมกับเว็บไซต์ได้ แต่ต้องล็อกอินก่อน ::
  ล็อกอิน

รายการสื่อสารสนเทศ

ลำดับที่ ประเภท เลขเรียก/บาร์โค้ด สถานที่ สถานะ
1. Book การพยาบาล
หนังสือสำรอง
สถานะ=หนังสือสำรอง
WY49 M489 ฉ.1 
  Barcode: 010199
ห้องสมุดวิทยาเขตสวรรค์ประชารักษ์
►หนังสือทั่วไป
บนชั้น

BibComment


ยังไม่เคยถูกคอมเมนท์

คอมเมนท์ทรัพยากรรายการนี้
  คอมเมนท์: Medicalsurgical ..


 Copyright 2026. Bcnsprnw @Library